| 000 | 00725nom a22001697a 4500 | ||
|---|---|---|---|
| 003 | OSt | ||
| 005 | 20250405154129.0 | ||
| 007 | ou | ||
| 008 | 250123b |||||||| |||| 00| 0 fre d | ||
| 040 | _cautismepaimpol.fr | ||
| 245 | _aImagier photo - Les animaux | ||
| 246 | _aEnrichir le vocabulaire avec des activités variées : tri, classement, mimes, memory, devinettes... | ||
| 260 | _bNATHAN | ||
| 520 | _a105 grandes cartes d’animaux photographiés dans leur environnement naturel réparties en 6 séries : les mammifères, les oiseaux, les amphibiens et les reptiles, les poissons, les insectes et les araignées, et des animaux d'espèces diverses. | ||
| 562 | _d6 intercalaires. Dim. 15 x 12 cm. | ||
| 942 | _cCARTPHOTO | ||
| 999 |
_c141 _d141 |
||